000 00441nam a2200157Ia 4500
008 240729s9999 xx 000 0 und d
022 _a2394-112X
245 0 _aJournal of Medical and Scientific Research
260 _aIndia
260 _bKIMS Foundation and Research Center
650 _a Medicine (General)
650 _aMedicine
856 _uhttps://doaj.org/toc/e6312ca963dc4782bcbe5fbc054fefd4
942 _2ddc
942 _cDOAJEJ
999 _c71032
_d71032
945 _a1
_bMadushi Gamage
_c1
_dMadushi Gamage